Vector calculus
Now in its fifth edition, Vector Calculus helps students gain an intuitive and solid understanding of this important subject. The book’s careful account is a contemporary balance between theory, application, and historical development, providing it’s readers with an insight into how mathematics prog...
Spremljeno u:
| Glavni autor: | |
|---|---|
| Format: | Knjiga |
| Jezik: | Undetermined |
| Izdano: |
New York
W. H. Freeman and company
2003
|
| Teme: | |
| Oznake: |
Dodaj oznaku
Bez oznaka, Budi prvi tko označuje ovaj zapis!
|
| Thư viện lưu trữ: | Trung tâm Học liệu Trường Đại học Cần Thơ |
|---|
| LEADER | 00903nam a2200205Ia 4500 | ||
|---|---|---|---|
| 001 | CTU_100347 | ||
| 008 | 210402s9999 xx 000 0 und d | ||
| 020 | |c 1176000 | ||
| 082 | |a 515.63 | ||
| 082 | |b M364 | ||
| 100 | |a Marden, Jerrold E. | ||
| 245 | 0 | |a Vector calculus | |
| 245 | 0 | |c Jerrold E. Marsden, Anthony J. Tromba | |
| 260 | |a New York | ||
| 260 | |b W. H. Freeman and company | ||
| 260 | |c 2003 | ||
| 520 | |a Now in its fifth edition, Vector Calculus helps students gain an intuitive and solid understanding of this important subject. The book’s careful account is a contemporary balance between theory, application, and historical development, providing it’s readers with an insight into how mathematics progresses and is in turn influenced by the natural world. | ||
| 650 | |a Calculus,Vector analysis | ||
| 904 | |i Hiếu | ||
| 980 | |a Trung tâm Học liệu Trường Đại học Cần Thơ | ||